|
|
|
|
| LEADER |
00941nam a2200325 4500 |
| 001 |
DLU110126761 |
| 005 |
##20111017 |
| 040 |
# |
# |
|a DLU
|b vie
|
| 041 |
# |
# |
|a vie
|
| 044 |
# |
# |
|a vn
|
| 082 |
# |
# |
|a 005.262
|b LE-D
|
| 100 |
# |
# |
|a Lê Văn Doanh.
|
| 245 |
# |
# |
|a 101 thuật toán và chương trình bài toán khoa học kỹ thuật và kinh tế bằng ngôn ngữ Pascal /
|c Lê Văn Doanh, Trần Khắc Tuấn.
|
| 260 |
# |
# |
|a H. :
|b Khoa học và Kỹ thuật,
|c 1996.
|
| 300 |
# |
# |
|a 268 tr. :
|b minh hoạ ;
|c 21 cm.
|
| 504 |
# |
# |
|a Tài liệu tham khảo: tr.268.
|
| 650 |
# |
# |
|a C (Ngôn ngữ chương trình máy tính).
|
| 650 |
# |
# |
|a Thuật toán máy tính.
|
| 700 |
# |
# |
|a Trần Khắc Tuấn.
|
| 923 |
# |
# |
|a 01/2011CT
|
| 991 |
# |
# |
|a GT
|
| 992 |
# |
# |
|a 0
|
| 994 |
# |
# |
|a KCT
|
| 900 |
# |
# |
|a True
|
| 911 |
# |
# |
|a Đào Thị Thu Huyền
|
| 925 |
# |
# |
|a G
|
| 926 |
# |
# |
|a A
|
| 927 |
# |
# |
|a SH
|
| 980 |
# |
# |
|a Thư viện Trường Đại học Đà Lạt
|